Statystyki dla Państwa Afryki

Kliknij tutaj aby rozwiązać quiz!

Ogólne statystyki

  • Ten quiz został rozwiązany 6 552 razy
    (6 539 od ostatniego zresetowania)
  • Średni wynik to 31 z 54

Statystyki odpowiedzi

Państwa% Poprawnych
Egipt
92%
Republika Południowej Afryki
83%
Maroko
82%
Niger
82%
Kongo
79%
Nigeria
79%
Sudan
78%
Madagaskar
76%
Libia
75%
Etiopia
74%
Czad
73%
Tunezja
71%
Demokratyczna Republika Konga
69%
Angola
68%
Kenia
68%
Sudan Południowy
68%
Senegal
67%
Zambia
67%
Algeria
66%
Zimbabwe
66%
Gwinea
65%
Mali
65%
Somalia
65%
Wybrzeże Kości Słoniowej
64%
Ghana
62%
Erytrea
59%
Republika Środkowoafrykańska
58%
Gwinea Równikowa
56%
Kamerun
56%
Lesotho
56%
Mozambik
56%
Mauretania
55%
Tanzania
55%
Uganda
54%
Gabon
53%
Togo
51%
Botswana
50%
Liberia
49%
Gwinea Bissau
48%
Rwanda
48%
Burkina Faso
46%
Namibia
46%
Dżibuti
44%
Gambia
44%
Seszele
44%
Benin
41%
Burundi
38%
Mauritius
38%
Sierra Leone
36%
Malawi
34%
Komory
33%
Suazi
32%
Republika Zielonego Przylądka
27%
Wyspy Świętego Tomasza i Książęca
19%

Rozkład punktacji

Percentyl według liczby udzielonych odpowiedzi

Procent ludzi z każdym wynikiem

Twoja historia wyników

Nie rozwiązałeś tego quizu od ostatniego zresetowania